000 00485nam a2200181Ia 4500
001 8562
005 20260306160618.0
008 260306t1992||||xx |||||||||||||| ||spa||
041 _aESP
082 _a371.12
_bF47
100 _aSánchez Fierro, Julio
_eAUT
245 0 _aLa formación profesional :
_buna prioridad en la reforma del sistema educativo español
260 _c1992
300 _a156 páginas :
_c21 cm.
650 _aGEN
654 _aCED
942 _cLIB
_dJUS
_fJUS
_2ddc
_n
999 _c8562
_d8562